| 000 | 01728cam a22003855i 4500 | ||
|---|---|---|---|
| 999 |
_c28612 _d28583 |
||
| 001 | 16580330 | ||
| 003 | EG-ScBUE | ||
| 005 | 20200826144700.0 | ||
| 008 | 101215r20152011enka f b 001 0 eng d | ||
| 020 | _a9781849201193 (cased) | ||
| 020 | _a1849201196 (cased) | ||
| 020 | _a9781849201209 (pbk.) | ||
| 020 | _a184920120X (pbk.) | ||
| 035 | _a(OCoLC)ocn754163654 | ||
| 040 |
_aUKMGB _beng _erda _cUKMGB _dCDX _dUAB _dTWC _dBTCTA _dYDXCP _dBWX _dDLC _dEG-ScBUE |
||
| 082 | 0 | 4 |
_a658.4012 _bACK _222 |
| 100 | 1 |
_aAckermann, Fran, _eauthor. |
|
| 245 | 1 | 0 |
_aMaking strategy : _bmapping out strategic success / _cFran Ackermann & Colin Eden. |
| 250 | _aSecond edition. | ||
| 250 | _aReprinted edition. | ||
| 264 | 1 |
_aLondon : _bSAGE Publication, _c2015. |
|
| 300 |
_axvi, 353 pages : _billustrations ; _c25 cm |
||
| 336 |
_atext _btxt _2rdacontent |
||
| 337 |
_aunmediated _bn _2rdamedia |
||
| 338 |
_avolume _bnc _2rdacarrier |
||
| 500 | _aReprinted for the 2011 edition. | ||
| 504 | _aIncludes bibliographical references and index. | ||
| 505 | 0 | _aStrategy as focus -- Strategic management is a social process -- Strategy as the prioritization and management of key issues -- The issue management forum -- Strategy as purpose -- The strategy as purpose forum -- Strategy as competitive advantage -- Strategy as competitive advantage forum -- Strategy as stakeholder management -- The stakeholder management forum -- Facilitating groups in strategy making -- The continuation and closure of the strategy making journey. | |
| 650 | 7 |
_aStrategic planning. _2BUEsh |
|
| 650 | 7 |
_aBusiness planning. _2BUEsh |
|
| 653 |
_bCOMAME _cAugust2020 |
||
| 655 |
_vReading book _934232 |
||
| 700 | 1 |
_aEden, Colin, _eauthor. |
|
| 942 |
_2ddc _cBB |
||